Ilvstraciones a las maravillas (Record no. 8363)

MARC details
000 -CABECERA
campo de control de longitud fija 00642nam a2200181 a 4500
001 - NÚMERO DE CONTROL
campo de control BRCA_8711
005 - FECHA Y HORA DE LA ÚLTIMA TRANSACCIÓN
campo de control 20190320210357.0
008 - DATOS DE LONGITUD FIJA--INFORMACIÓN GENERAL
campo de control de longitud fija 030217s1724----sp-#######---#000-0#spa-#
041 ## - CÓDIGO DE LENGUA
Código de lengua del texto/banda sonora o título independiente spa
084 ## - OTRO NÚMERO DE CLASIFICACIÓN
Número de clasificación BE52
Número de documento/Ítem .I48 1724
245 10 - MENCIÓN DE TÍTULO
Título Ilvstraciones a las maravillas
Resto del título del Apostol de Valencia.
Mención de responsabilidad, etc. 1724
300 ## - DESCRIPCIÓN FÍSICA
Extensión [36], [9], 487 p.
Dimensiones 20.5 x 16 cm
500 ## - NOTA GENERAL
Nota general Estado físico: se presenta con lomo desprendido, algunos cuadernillos descosidos, cantos manchados y con portada incompleta.
700 1# - PUNTO DE ACCESO ADICIONAL--NOMBRE DE PERSONA
Nombre de persona San Vicente Ferrer
Títulos y otros términos asociados al nombre Apostol de la Evropa, Sol del Occidente
9 (RLIN) 21703
700 1# - PUNTO DE ACCESO ADICIONAL--NOMBRE DE PERSONA
Nombre de persona Fr. Ignacio C.
9 (RLIN) 21704
902 ## - CATALOGADOR
Iniciales CFM
942 ## - ELEMENTOS DE PUNTO DE ACCESO ADICIONAL (KOHA)
Fuente del sistema de clasificación o colocación Library of Congress Classification
Tipo de ítem Koha Libros
Holdings
Estado de retiro Estado de pérdida Fuente del sistema de clasificación o colocación Estado dañado No para préstamo Código de colección Localización permanente Ubicación/localización actual Fecha de adquisición Fuente de adquisición Total de préstamos Signatura topográfica completa Código de barras Fecha visto por última vez Precio válido a partir de Tipo de ítem Koha
El ejemplar forma parte de la colección y puede ser consultado según las políticas vigentes.   Library of Congress Classification     Conventual Franz Mayer Biblioteca del Museo Franz Mayer (Rogerio Casas-Alatriste) Biblioteca del Museo Franz Mayer (Rogerio Casas-Alatriste) 03/02/2017 Donación   BE52 .I48 1724 CFM00048 22/03/2019 22/03/2019 Libros